Con Clavi Con Dio Lyrics-Ghost - Statistics

General Stats
  • This quiz has been taken 144 times
  • The average score is 83 of 109
Answer Stats
Answer % Correct
are
100%
Lucifer
100%
one
100%
we
100%
We
100%
here
98%
you
98%
con
96%
evil
96%
For
93%
your
93%
clavi
89%
dio
89%
Dio
89%
Our
85%
our
85%
in
76%
praise
76%
nostro
74%
of
74%
the
74%
infernal
70%
Scurro
70%
Siamo
70%
siamo
70%
Out
67%
Scurro
67%
son
67%
Trinity
67%
il
65%
sings
65%
three
65%
Behind
63%
And
61%
Demigod
61%
psalms
61%
bleeding
59%
conjuration
57%
destroyer
57%
earth
57%
mask
57%
task
57%
Chosen
54%
palms
54%
chief
50%
from
50%
rebel
50%
birth
48%
Oh
48%
precipice
48%
Sathanas
46%
smear
43%
through
43%
smudge
41%
Rise
39%
No matching quizzes found
Score Distribution
Percent of People with Each Score
Percentile by Number Answered
Your Score History
You have not taken this quiz